[Event "VII Pereyra Puebla Mem"]
[Site "Mendoza ARG"]
[Date "2008.12.06"]
[Round "3"]
[White "Real de Azua,E"]
[Black "Granara Barreto,S"]
[Result "1/2-1/2"]
[WhiteElo "2413"]
[BlackElo "2260"]

1.d4 d5 2.c4 c6 3.Nc3 Nf6 4.e3 e6 5.Nf3 Nbd7 6.Qc2 Bd6 7.g4 Bb4 8.Bd2 Qe7
9.Bd3 dxc4 10.Bxc4 b6 11.g5 Nd5 12.e4 Nxc3 13.bxc3 Ba3 14.O-O Bb7 15.Bd3 h6
16.e5 hxg5 17.Nxg5 Rh5 18.f4 O-O-O 19.Nxf7 Qh4 20.Be1 Qg4+ 21.Qg2 Qxg2+ 22.Kxg2 c5+
23.Kg3 Rg8 24.Nd6+ Kb8 25.Nxb7 Kxb7 26.Be2 Rh6 27.Rd1 Rgh8 28.Bg4 cxd4 29.h3 d3
30.Rxd3 Nc5 31.Rd4 Rf8 32.f5 exf5 33.Rxf5 Rxf5 34.Bxf5 Bc1 35.Bd2 Bxd2 36.Rxd2 g6
37.Bc2 Rh5 38.Re2 Ne6 39.Bb3 Rg5+ 40.Kh2 Nf4 41.Re4 Nd3 42.e6 Ne5 43.Rf4 Kc7
44.h4 Rh5 45.Kg2 Kd6 46.Re4 Rf5 47.Re2  1/2-1/2

[Event "Scaccomatto Open"]
[Site "Torino ITA"]
[Date "2008.12.06"]
[Round "7"]
[White "Benitah,Y"]
[Black "Borgo,G"]
[Result "1/2-1/2"]
[WhiteElo "2428"]
[BlackElo "2426"]

1.d4 d5 2.c4 e6 3.Nc3 c6 4.e3 Nf6 5.Nf3 Nbd7 6.Bd3 a6 7.b3 Bb4 8.Bd2 O-O
9.O-O Bd6 10.e4 dxc4 11.bxc4 e5 12.d5 Nc5 13.Bc2 cxd5 14.cxd5 Bg4 15.h3 Bh5
16.Qe2 Rc8 17.Qe3  1/2-1/2

[Event "TCh-BEL 2008-9"]
[Site "Belgium BEL"]
[Date "2008.12.07"]
[Round "5"]
[White "Wiersma,E"]
[Black "Fiebig,T"]
[Result "1/2-1/2"]
[WhiteElo "2414"]
[BlackElo "2401"]

1.d4 d5 2.c4 c6 3.Nf3 Nf6 4.Nc3 e6 5.e3 Nbd7 6.Bd3 dxc4 7.Bxc4 b5 8.Bd3 Bb7
9.O-O b4 10.Ne4 Nxe4 11.Bxe4 Nf6 12.Bd3 Be7 13.e4 O-O 14.Qc2 h6 15.e5 Nd7
16.Bh7+ Kh8 17.Be4 Qb6 18.Be3 c5 19.Rfd1 Rac8 20.Bxb7 Qxb7 21.Qd2 Qe4 22.Re1 Qg6
23.dxc5 Rfd8 24.Qxb4 Bxc5 25.Qf4  1/2-1/2

[Event "47th XtraCon TCh-DEN 2008-9"]
[Site "Denmark DEN"]
[Date "2008.12.07"]
[Round "3"]
[White "Jorgensen,Mic"]
[Black "Kristensen,Kaa"]
[Result "1/2-1/2"]
[WhiteElo "2218"]
[BlackElo "2244"]

1.d4 d5 2.c4 e6 3.Nf3 Nf6 4.Nc3 c6 5.e3 Nbd7 6.Qc2 Bd6 7.Be2 O-O 8.b3 b6
9.Bb2 Bb7 10.O-O Qe7 11.Rad1 Rfe8 12.e4 Nxe4 13.Nxe4 dxe4 14.Qxe4 Nf6 15.Qh4 c5
16.Bd3 Ne4 17.Qh3 h6 18.Qg4 Nf6 19.Qh4 Ne4 20.Qg4 Nf6 21.Qh3 Ne4 22.Be2 Ng5
23.Nxg5 Qxg5 24.Bc1 Qf6 25.dxc5 Bxc5 26.Be3  1/2-1/2

[Event "34th ch-ISR"]
[Site "Haifa ISR"]
[Date "2008.12.07"]
[Round "4"]
[White "Roiz,M"]
[Black "Huzman,A"]
[Result "1/2-1/2"]
[WhiteElo "2677"]
[BlackElo "2590"]

1.Nf3 Nf6 2.c4 c6 3.Nc3 d5 4.e3 e6 5.d4 Nbd7 6.Qc2 Bd6 7.Bd3 O-O 8.O-O dxc4
9.Bxc4 a6 10.a4 c5 11.Rd1 Qc7 12.Ne4 Nxe4 13.Qxe4 Be7 14.Bd3 g6 15.Be2 Nf6
16.Qc2 Bd7 17.dxc5 Qxc5 18.Qxc5 Bxc5 19.Ne5 Rfd8 20.Nxd7 Rxd7 21.Rxd7 Nxd7
22.Bd2 Bf8 23.b4 Rc8 24.Be1 Nf6 25.Kf1 Nd5 26.b5 axb5 27.axb5 Bg7 28.Rd1 f5
29.g4 Kf7 30.gxf5  1/2-1/2

[Event "29th Edoardo Crespi Mem"]
[Site "Milan ITA"]
[Date "2008.12.07"]
[Round "2"]
[White "Burlando,A"]
[Black "Pucovski,M"]
[Result "1/2-1/2"]
[WhiteElo "2162"]
[BlackElo "2343"]

1.d4 d5 2.c4 c6 3.Nf3 Nf6 4.Nc3 e6 5.e3 Nbd7 6.Qc2 Bd6 7.b3 O-O 8.Bd3 dxc4
9.bxc4 e5 10.O-O Re8 11.Ng5 h6 12.Nge4 Nxe4 13.Nxe4 Bc7 14.Ba3 exd4 15.exd4 Nf6
16.Rfe1 Nxe4 17.Bxe4  1/2-1/2

[Event "TCh-SLO"]
[Site "Murska Sobota SLO"]
[Date "2008.12.07"]
[Round "2"]
[White "Podkriznik,G"]
[Black "Guid,M"]
[Result "1-0"]
[WhiteElo "2372"]
[BlackElo "2311"]

1.d4 d5 2.c4 c6 3.Nf3 e6 4.e3 Nf6 5.Nc3 Nbd7 6.Qc2 Bd6 7.Bd3 O-O 8.O-O Qe7
9.e4 dxc4 10.Bxc4 e5 11.h3 exd4 12.Nxd4 Nb6 13.Bd3 Qe5 14.Nf3 Qh5 15.Nh2 Bxh3
16.gxh3 Qxh3 17.f4 Nh5 18.Ne2 g5 19.e5 gxf4 20.Bf5 Bc5+ 21.Kh1 Qh4 22.Bxf4 Nd5
23.Bg5 Qxg5 24.Rg1 Bxg1 25.Rxg1 h6 26.Rxg5+ hxg5 27.Bg4 Ng7 28.Nf3 f5 29.Nxg5 Rae8
30.Bf3 Rxe5 31.Bxd5+ cxd5 32.Nf4 Rf6 33.Qh2 Ne8 34.Qh7+ Kf8 35.Ng6+  1-0

[Event "III Open"]
[Site "Palma de Mallorca ESP"]
[Date "2008.12.07"]
[Round "2"]
[White "Pogorelov,R"]
[Black "Oliver Font,J"]
[Result "1-0"]
[WhiteElo "2441"]
[BlackElo "1914"]

1.Nf3 d5 2.d4 c6 3.c4 Nf6 4.Nc3 e6 5.e3 Nbd7 6.Qc2 Bd6 7.Bd3 O-O 8.O-O dxc4
9.Bxc4 a6 10.Rd1 Qc7 11.Ne4 Nxe4 12.Qxe4 Nb6 13.Bd3 f5 14.Qh4 Qe7 15.Qxe7 Bxe7
16.Ne5 Nd7 17.Nc4 c5 18.dxc5 Bxc5 19.Be2 b5 20.Nd6 Bxd6 21.Rxd6 e5 22.b3 Rf6
23.Rxf6 gxf6 24.Bb2 Bb7 25.Rd1 Nc5 26.f3 Re8 27.Ba3 Ne6 28.Rd6 f4 29.exf4 Nxf4
30.Bf1 Ne6 31.Bb4 Bc8 32.a4 Nd4 33.axb5 axb5 34.Bc3 Nf5 35.Rxf6 Be6 36.Bxb5 Rc8
37.Rxe6 Rxc3 38.Rxe5  1-0

[Event "III Open"]
[Site "Palma de Mallorca ESP"]
[Date "2008.12.07"]
[Round "2"]
[White "Aloma Vidal,R"]
[Black "Savchenko,S"]
[Result "0-1"]
[WhiteElo "2399"]
[BlackElo "2565"]

1.Nf3 d5 2.c4 c6 3.e3 Nf6 4.Nc3 e6 5.d4 Nbd7 6.Qc2 Bd6 7.g4 Nxg4 8.Rg1 f5
9.h3 Ngf6 10.Rxg7 Ne4 11.Bd2 Qf6 12.Rg2 Nf8 13.O-O-O Bd7 14.Bd3 Ng6 15.Rdg1 Bc7
16.h4 O-O-O 17.h5 Ne7 18.Ne2 Rhg8 19.Bb4 Rxg2 20.Rxg2 Be8 21.Ne5 c5 22.Bxe4 cxb4
23.Bf3 Bxe5 24.dxe5 Qxe5 25.Nd4 Kb8 26.Qa4 Qd6 27.cxd5 e5 28.Nc2 e4 29.Be2 Nxd5
30.Rg1 Nf4 31.exf4 Qd2+ 32.Kb1 Qxe2 33.Nxb4 a5 34.Qc2 Rd2 35.Na6+ bxa6 36.Qb3+ Ka8
37.Rc1 Qd3+  0-1

[Event "FSGM December"]
[Site "Budapest HUN"]
[Date "2008.12.08"]
[Round "3"]
[White "Toth,E"]
[Black "Matsenko,S"]
[Result "0-1"]
[WhiteElo "2401"]
[BlackElo "2447"]

1.d4 d5 2.c4 c6 3.Nc3 Nf6 4.e3 e6 5.Nf3 Nbd7 6.Qc2 Bd6 7.b3 O-O 8.Be2 Qe7
9.Bb2 b6 10.O-O Bb7 11.Rad1 Rad8 12.Rfe1 Rfe8 13.Bd3 c5 14.cxd5 exd5 15.Ne2 Ne4
16.Ng3 Qe6 17.dxc5 bxc5 18.b4 Bxg3 19.hxg3 cxb4 20.Nd4 Qb6 21.f3 Rc8 22.Qb1 Nc3
23.Bxh7+ Kf8 24.Bxc3 Rxc3 25.Bf5 Ne5 26.Bd3 a5 27.Bb5 Rec8 28.Qh7 Qh6 29.Qxh6 gxh6
30.Kf2 Ra3 31.Rd2 Nc4 32.Rc2 Nd6 33.Ree2 Ke7 34.Rxc8 Bxc8 35.Rc2 Bd7 36.Bxd7 Kxd7
37.g4 f6 38.Kg3 Rxe3 39.Rc5 Ne4+ 40.Kf4 Rxf3+ 41.gxf3 Nxc5 42.Ke3 a4 43.Kd2 b3
44.a3 Kd6 45.Nf5+ Ke5 46.Nxh6 Kf4 47.Ng8 Kxf3  0-1

[Event "FSGM December"]
[Site "Budapest HUN"]
[Date "2008.12.08"]
[Round "3"]
[White "Varga,Zo"]
[Black "Kosic,D"]
[Result "1/2-1/2"]
[WhiteElo "2494"]
[BlackElo "2511"]

1.c4 c6 2.d4 d5 3.Nf3 Nf6 4.e3 e6 5.Nc3 Nbd7 6.Bd3 dxc4 7.Bxc4 b5 8.Bd3 Bd6
9.Ng5 Bb7 10.O-O O-O 11.Bd2 a5 12.Rc1 Qb8 13.h3 h6 14.Nge4 b4 15.Nxf6+ Nxf6
16.Na4 Ba6 17.Bxa6 Rxa6 18.Nc5  1/2-1/2

[Event "29th Edoardo Crespi Mem"]
[Site "Milan ITA"]
[Date "2008.12.08"]
[Round "4"]
[White "Bozzali,E"]
[Black "Pucovski,M"]
[Result "1/2-1/2"]
[WhiteElo "2154"]
[BlackElo "2343"]

1.d4 d5 2.Nf3 Nf6 3.c4 c6 4.Nc3 e6 5.e3 Nbd7 6.Qc2 Bd6 7.g4 h6 8.Rg1 a6 9.g5 hxg5
10.Nxg5 Qe7 11.f4 c5 12.Qg2 cxd4 13.exd4 dxc4 14.Bxc4 Nh7 15.Nge4 Qh4+ 16.Kd1 Bf8
17.f5 Qh5+ 18.Kc2 Qxf5 19.Bd2 Nhf6 20.Raf1 Qh3 21.Qe2 Qxh2 22.Rg2 Qh5 23.Qe1 Nxe4
24.Nxe4 b5 25.Bb3 Qh7 26.Kb1 Bb7 27.Bc2 Qh4 28.Rg3 Rc8 29.Bg5 Qh5 30.Qf2 f5
31.Nc3 Bd6 32.Qe1 Qf7 33.Re3 O-O 34.Bb3 Bd5 35.Nxd5 exd5 36.Qh4 Nb6 37.Rh3 Qg6
38.Bc2 Rxc2 39.Kxc2 f4+ 40.Kb3 Rc8 41.Qh8+ Kf7 42.Qh5 Qxh5 43.Rxh5 Kg6 44.Rfh1 Nc4
45.a3 Nd2+ 46.Ka2 Ne4 47.Bxf4 Bxf4 48.Rxd5 Nf6 49.Rg1+ Kf7 50.Rf5 g5 51.a4 Ke6
52.Rfxg5 Bxg5 53.Rxg5 Nd5 54.Kb3 Rc4 55.axb5 axb5 56.Rg4 Kd6 57.Rg6+ Kc7
58.Rg7+ Kb6 59.Rg6+ Ka5 60.Rg8 Rb4+ 61.Ka3 Nb6 62.b3 Rxd4 63.Rg5 Nd5 64.Rg8 b4+
65.Kb2 Kb5 66.Rb8+ Nb6 67.Rh8 Rd2+ 68.Kc1 Rg2 69.Rh5+ Kc6 70.Rh6+ Kc5 71.Rh4 Rf2
72.Rg4 Re2 73.Rh4 Kd5  1/2-1/2

[Event "ch-RUS w Superfinal"]
[Site "Moscow RUS"]
[Date "2008.12.08"]
[Round "4"]
[White "Gunina,V"]
[Black "Romanko,M"]
[Result "1/2-1/2"]
[WhiteElo "2381"]
[BlackElo "2398"]

1.d4 Nf6 2.c4 e6 3.Nc3 d5 4.Nf3 c6 5.e3 Nbd7 6.Qc2 Bd6 7.Bd3 O-O 8.O-O e5
9.cxd5 cxd5 10.e4 exd4 11.Nxd5 Nxd5 12.exd5 h6 13.h3 Nf6 14.Nxd4 Nxd5 15.Be4 Nf6
16.Bf3 Qa5 17.Rd1 Qe5 18.g3 Bxh3 19.Bf4 Qc5 20.Qxc5 Bxc5 21.Rac1 Bb6 22.Be5 Rad8
23.Bxf6 gxf6 24.Ne2 Be6 25.b3 Rxd1+ 26.Rxd1 Rc8 27.Rd2 Ba5 28.Rb2 b5 29.Nf4 b4
30.Re2 Bf5 31.Nh5 Bb6 32.Nxf6+ Kf8 33.Bg4 Rc1+ 34.Kg2 Bg6 35.Nd7+ Kg7 36.Nxb6 axb6
37.Rd2 Bb1 38.Bf3 Rc2 39.Rd4 Rxa2 40.Rxb4 Ra6 41.Be2 Ra2 42.Kf3 Bf5 43.Bc4 Be6
44.Bxe6 fxe6 45.Rxb6 Kf6 46.Rc6 Rb2 47.Rc3 Ke5 48.Ke3 h5 49.Rc5+ Kd6 50.Rxh5 Rxb3+
51.Kf4 Ke7 52.g4 Kf7 53.Rh6 Rb4+ 54.Kg3 Rb5 55.f4 Rb4 56.g5 Re4 57.Kf3 Re1
58.Rh2 Kg6 59.Re2 Rxe2 60.Kxe2 e5 61.fxe5 Kxg5 62.Kd3 Kf5 63.Kd4 Ke6 64.Ke4  1/2-1/2

[Event "75th ch-BRA"]
[Site "Porto Alegre BRA"]
[Date "2008.12.08"]
[Round "2"]
[White "Lima,Da"]
[Black "Fier,A"]
[Result "0-1"]
[WhiteElo "2488"]
[BlackElo "2581"]

1.Nf3 Nf6 2.c4 e6 3.Nc3 d5 4.d4 c6 5.e3 Nbd7 6.b3 Bd6 7.Be2 O-O 8.O-O b6
9.Bb2 Bb7 10.Rc1 Qe7 11.Re1 Rfe8 12.Bf1 Rad8 13.g3 Ne4 14.Nxe4 dxe4 15.Nd2 f5
16.f3 exf3 17.Nxf3 Nf6 18.Bg2 e5 19.Qc2 e4 20.Nh4 g6 21.Bh3 Bc8 22.Rf1 Nh5
23.Ng2 f4 24.c5 Bxh3 25.cxd6 Rxd6 26.gxf4 Qf7 27.Qf2 Nf6 28.Qg3 Bf5 29.Ba3 Rde6
30.Rc2 Nd5 31.Rfc1 Qf6 32.h3 Kf7 33.Kh2 Rc8 34.Qg5 Ke8 35.Qg3 Kd7 36.Rc4 Kc7
37.Bb2 Kb7 38.a4 Qe7 39.b4 Qd7 40.b5 cxb5 41.axb5 Rc7 42.Rxc7+ Nxc7 43.Qh4 h5
44.Rc2 Nxb5 45.Qg5 Nc7 46.Nh4 Nd5 47.Bc1 Rf6 48.Qh6 Bxh3  0-1

[Event "TCh-SLO"]
[Site "Murska Sobota SLO"]
[Date "2008.12.09"]
[Round "4"]
[White "Ushenina,A"]
[Black "Ribli,Z"]
[Result "1/2-1/2"]
[WhiteElo "2496"]
[BlackElo "2577"]

1.d4 d5 2.c4 c6 3.Nc3 Nf6 4.e3 e6 5.Nf3 Nbd7 6.Qc2 Bd6 7.Bd3 O-O 8.O-O dxc4
9.Bxc4 b5 10.Be2 Re8 11.Rd1 Qc7 12.h3 Bb7 13.a3 e5 14.Ng5 exd4 15.exd4 Re7
16.Bf3 Rae8 17.Bd2  1/2-1/2

[Event "77th ch-UKR"]
[Site "Poltava UKR"]
[Date "2008.12.09"]
[Round "8"]
[White "Brodsky,M"]
[Black "Shtanko,D"]
[Result "1/2-1/2"]
[WhiteElo "2550"]
[BlackElo "2301"]

1.d4 Nf6 2.c4 c6 3.Nc3 d5 4.e3 e6 5.Nf3 Nbd7 6.Bd3 dxc4 7.Bxc4 b5 8.Bd3 Bb7
9.a3 Bd6 10.O-O O-O 11.h3 a6 12.e4 e5 13.Be3 Re8 14.Rc1 Rc8 15.Bb1 Bb8 16.dxe5 Nxe5
17.Nxe5 Bxe5 18.Qxd8 Rcxd8 19.Rfd1 c5 20.Bxc5 Bxc3 21.bxc3 Bxe4 22.Ba2 Bd5
23.Bb1 Be4 24.Bxe4 Nxe4 25.Bb4 Nd2 26.Ba5 Nb3 27.Bxd8 Nxc1 28.Kf1 Nb3 29.Rd6 f6
30.Bb6 Kf7 31.Be3 Re6 32.Rd7+ Re7 33.Rd6 Re6 34.Rd7+ Re7 35.Rd6 Re6  1/2-1/2

[Event "75th ch-BRA"]
[Site "Porto Alegre BRA"]
[Date "2008.12.09"]
[Round "3"]
[White "Vescovi,G"]
[Black "Di Berardino,D"]
[Result "1-0"]
[WhiteElo "2635"]
[BlackElo "2502"]

1.d4 d5 2.c4 c6 3.Nf3 Nf6 4.Nc3 e6 5.e3 a6 6.b3 Bb4 7.Bd2 Nbd7 8.g3 O-O 9.Bg2 e5
10.dxe5 Ng4 11.cxd5 Ndxe5 12.Nxe5 Nxe5 13.O-O Bg4 14.f3 Bd7 15.Ne4 a5 16.Bxb4 axb4
17.d6 Ra5 18.Qd4 Rd5 19.Qxb4 Nd3 20.Qxb7 f5 21.Nf2 Nxf2 22.Rxf2 Rxd6 23.Qb4 Re6
24.Qd4 Qe7 25.Rd1 Bc8 26.e4 c5 27.Qd2 Rh6 28.exf5 Bxf5 29.Re2  1-0

[Event "FSGM December"]
[Site "Budapest HUN"]
[Date "2008.12.10"]
[Round "5"]
[White "Skomorokhin,R"]
[Black "Duong The Anh"]
[Result "1/2-1/2"]
[WhiteElo "2400"]
[BlackElo "2420"]

1.d4 d5 2.c4 c6 3.Nc3 e6 4.e3 Nf6 5.Nf3 Nbd7 6.Bd3 dxc4 7.Bxc4 b5 8.Bd3 Bd6
9.O-O O-O 10.b3 Bb7 11.Bb2 Qe7 12.Ng5 Rad8 13.a4 b4 14.Nce4 Nxe4 15.Nxe4 Bb8
16.Qc2 f5 17.Ng3 c5 18.Rfe1 Rc8 19.Bc4 Nb6 20.Rad1 Nxc4 21.bxc4 Qc7 22.f4 cxd4
23.Rxd4 Rfd8 24.Red1 Rxd4 25.Rxd4 Bc6 26.Rd2 Be8 27.Ne2 Qc5 28.Nd4 e5 29.fxe5 Qxe5
30.Nxf5 Qxh2+ 31.Kf1 Bg3 32.Nxg3 Qxg3 33.Qf5 Qc7 34.Kg1 Qc5 35.Qf4 Qe7 36.Rd5 Bg6
37.Qd4 Rc7 38.c5 Be8 39.Re5 Qd7 40.Qc4+ Bf7 41.Qxb4 Rb7 42.Qd4 Qxd4 43.Bxd4 Rc7
44.Kf2 Kf8 45.Kf3 Be8 46.a5 Bc6+ 47.e4 Kf7 48.Rf5+ Ke6 49.Re5+ Kf7 50.Rf5+ Ke6
51.Ke3 Rb7 52.Re5+ Kf7 53.Rf5+ Ke6 54.Re5+ Kf7 55.Bc3 g6 56.g4 Re7 57.Kf4 h6
58.Rxe7+ Kxe7 59.Ke5 h5 60.gxh5 gxh5 61.Be1 a6 62.Bh4+ Kd7 63.Kf5 Ba4 64.e5 Kc6
65.Bf2 h4 66.e6 h3 67.Bg1 h2 68.Bxh2 Kxc5 69.Kf6 Kb5 70.Bc7 Kc6 71.Bg3 Kb7
72.Ke7 Bb3 73.Kd6 Bxe6 74.Kxe6 Ka8 75.Kd7 Kb7 76.Bf2 Ka8 77.Kc6 Kb8 78.Bg3+ Ka8
79.Kb6  1/2-1/2

[Event "III Open"]
[Site "Palma de Mallorca ESP"]
[Date "2008.12.11"]
[Round "6"]
[White "Alonso Garcia,R"]
[Black "Planas Gene,J"]
[Result "1-0"]
[WhiteElo "2368"]
[BlackElo "2184"]

1.d4 d5 2.c4 c6 3.Nc3 Nf6 4.e3 e6 5.Nf3 Nbd7 6.Qc2 a6 7.Bd2 Bd6 8.e4 Nxe4
9.Nxe4 dxe4 10.Qxe4 Nf6 11.Qc2 Qc7 12.c5 Bf4 13.Bd3 O-O 14.O-O Rd8 15.Rfe1 Rd5
16.Rad1 Bd7 17.Bc3 Rh5 18.g3 Bh6 19.Ne5 Be8 20.f4 Nd5 21.Bxh7+ Kh8 22.Be4 g6
23.Bf3 Rf5 24.Bd2 Qe7 25.Nc4 Qf6 26.Nd6 Qxd4+ 27.Kh1 Kg8 28.Nxf5 gxf5 29.Ba5 Ne3
30.Qf2  1-0

[Event "Bundesliga 2008-9"]
[Site "Katernberg GER"]
[Date "2008.12.12"]
[Round "7"]
[White "Seel,C"]
[Black "Levin,F"]
[Result "1/2-1/2"]
[WhiteElo "2494"]
[BlackElo "2536"]

1.Nf3 d5 2.d4 Nf6 3.c4 e6 4.Nc3 c6 5.e3 a6 6.b3 c5 7.cxd5 cxd4 8.Qxd4 exd5
9.Bb2 Nc6 10.Qd2 Bd6 11.Be2 O-O 12.O-O Be6 13.Rfd1 Qe7 14.e4 Bb4 15.e5 Ne4
16.Qd3 Bxc3 17.Bxc3 Nxc3 18.Qxc3 Rfd8 19.Qe3 Bg4 20.Qf4 Bxf3 21.Bxf3 g5 22.Qg3 Qxe5
23.Qxe5 Nxe5 24.Bxd5  1/2-1/2

[Event "TCh-SLO"]
[Site "Murska Sobota SLO"]
[Date "2008.12.12"]
[Round "7"]
[White "Sedlak,N"]
[Black "Ushenina,A"]
[Result "1-0"]
[WhiteElo "2553"]
[BlackElo "2496"]

1.d4 d5 2.c4 e6 3.Nc3 Nf6 4.Nf3 c6 5.e3 Nbd7 6.Qc2 Bd6 7.Bd2 a6 8.g4 h6 9.Rg1 dxc4
10.e4 Be7 11.h4 c5 12.O-O-O cxd4 13.Nxd4 Ne5 14.Kb1 Nfxg4 15.Bc1 Nd3 16.Bxd3 cxd3
17.Rxd3 Ne5 18.Rdd1 Qc7 19.f4 Nc6 20.Be3 Bd7 21.Nf5 g6 22.Nxe7 Nxe7 23.Bd4 Rg8
24.Be5 Qc4 25.Rd4 Qc6 26.Rgd1 O-O-O 27.Qb3 b5 28.Rc1 Kb7 29.Na4 Rh8  1-0

[Event "TCh-SLO"]
[Site "Murska Sobota SLO"]
[Date "2008.12.13"]
[Round "8"]
[White "Markus,Rob"]
[Black "Kovacevic,Bl"]
[Result "1-0"]
[WhiteElo "2616"]
[BlackElo "2472"]

1.d4 d5 2.c4 c6 3.Nc3 Nf6 4.e3 e6 5.Nf3 a6 6.c5 b6 7.cxb6 Nbd7 8.Bd2 Qxb6
9.Bd3 Bd6 10.O-O O-O 11.Na4 Qa7 12.Rc1 Bb7 13.Ba5 Rac8 14.Qe2 c5 15.dxc5 Bxc5
16.Nxc5 Nxc5 17.Bb1 Nce4 18.Nd4 Rxc1 19.Rxc1 Rc8 20.Rxc8+ Bxc8 21.Bd3 Nc5
22.Qc2 Bd7 23.Be2 e5 24.Nf3 e4 25.Ne5 Be8 26.b4 Ncd7 27.Qc7 Qxc7 28.Bxc7 Nxe5
29.Bxe5 Bb5 30.Bxb5 axb5 31.Bxf6 gxf6 32.Kf1 Kf8 33.Ke2 Ke7 34.Kd2 f5 35.g3 Kd6
36.Kc3 Ke5 37.a4 bxa4 38.b5 a3 39.Kb3  1-0

[Event "TCh-NED 2008-9"]
[Site "Netherlands NED"]
[Date "2008.12.13"]
[Round "4"]
[White "Dambacher,M"]
[Black "Van de Oudeweetering,A"]
[Result "1/2-1/2"]
[WhiteElo "2485"]
[BlackElo "2350"]

1.d4 d5 2.c4 c6 3.Nc3 Nf6 4.e3 e6 5.Nf3 Nbd7 6.Qc2 Bd6 7.b3 O-O 8.Be2 e5
9.cxd5 cxd5 10.dxe5 Nxe5 11.Bb2 Nxf3+ 12.Bxf3 d4 13.exd4 Re8+ 14.Kf1 Qa5
15.d5 Bg4 16.Qd1 Bxf3 17.Qxf3 Rac8 18.g3 Ba3 19.Na4 Ne4 20.Kg2 Bxb2  1/2-1/2

[Event "ch-RUS w Superfinal"]
[Site "Moscow RUS"]
[Date "2008.12.14"]
[Round "9"]
[White "Romanko,M"]
[Black "Stepovaia,T"]
[Result "0-1"]
[WhiteElo "2398"]
[BlackElo "2386"]

1.d4 d5 2.c4 e6 3.Nf3 c6 4.e3 Nf6 5.Nc3 Nbd7 6.Qc2 Bd6 7.g4 Bb4 8.Bd2 Qe7
9.g5 Bxc3 10.Bxc3 Ne4 11.Rg1 Nxc3 12.Qxc3 O-O 13.O-O-O c5 14.Kb1 b6 15.cxd5 exd5
16.Bd3 c4 17.Bc2 b5 18.Qa5 Rb8 19.Rg3 Qd6 20.Qe1 b4 21.b3 Nb6 22.Ne5 Na4
23.bxa4 b3 24.axb3 Qa3 25.Qd2 Rxb3+ 26.Bxb3 Bf5+ 27.e4 Bxe4+ 28.Nd3 Qxb3+
29.Kc1 cxd3  0-1

[Event "III Open"]
[Site "Palma de Mallorca ESP"]
[Date "2008.12.14"]
[Round "9"]
[White "Alonso Garcia,R"]
[Black "Dimitrijeski,B"]
[Result "1/2-1/2"]
[WhiteElo "2368"]
[BlackElo "2217"]

1.d4 d5 2.c4 c6 3.Nf3 Nf6 4.Nc3 e6 5.e3 Nbd7 6.Qc2 Bd6 7.b3 O-O 8.Be2 a6
9.Bb2 e5 10.cxd5 cxd5 11.dxe5 Nxe5 12.Nxe5 Bxe5 13.Na4  1/2-1/2

[Event "15th Croatian Open A"]
[Site "Zadar CRO"]
[Date "2008.12.17"]
[Round "5"]
[White "Bilobrk,F"]
[Black "Dimitrov,Pa"]
[Result "1/2-1/2"]
[WhiteElo "2372"]
[BlackElo "2404"]

1.d4 d5 2.c4 c6 3.Nf3 Nf6 4.Nc3 e6 5.e3 a6 6.a4 Bb4 7.Bd3 Nbd7 8.O-O O-O
9.Qe2 Re8 10.Ne5 Nxe5 11.dxe5 Nd7 12.f4 f5 13.cxd5 cxd5 14.g4 Nc5 15.Bc2 b6
16.gxf5 exf5 17.Rf3 Ne4 18.Nxe4 dxe4 19.Rh3 Be6 20.Qh5 h6 21.Rg3 Kf8 22.Qg6 Qd7
23.Qh7 Qf7 24.Bd1 Qg8 25.Qg6 Qf7 26.Qh7 Qg8 27.Qg6 Re7 28.Rg2 Rd8 29.Be2 Qf7
30.Qh7 Qg8 31.Qg6 Qf7 32.Qh7 Bc4 33.Bxc4 Qxc4 34.Qxf5+ Rf7 35.Qg4 Qb3 36.h3 h5
37.Qg6 Rd1+ 38.Kh2 Qc4 39.e6 Rc7 40.Qxh5 Qf1 41.Qh8+ Ke7 42.Qxg7+ Ke8 43.Qg6+ Ke7
44.Qg7+ Ke8 45.Qg6+ Ke7 46.Qg7+ Ke8 47.Qg6+ Ke7 48.Qg7+ Ke8  1/2-1/2

[Event "15th Croatian Open A"]
[Site "Zadar CRO"]
[Date "2008.12.18"]
[Round "7"]
[White "Bilobrk,F"]
[Black "Jakic,I"]
[Result "1/2-1/2"]
[WhiteElo "2372"]
[BlackElo "2377"]

1.d4 d5 2.c4 c6 3.Nf3 Nf6 4.Nc3 e6 5.e3 Nbd7 6.Bd3 dxc4 7.Bxc4 b5 8.Bd3 a6
9.a4 b4 10.Ne4 c5 11.dxc5 Nxc5 12.Nxc5 Bxc5 13.Qe2 O-O 14.O-O Bb7 15.e4 e5
16.Bg5 h6 17.Bh4 Re8 18.Rfd1 Qb6 19.Bg3 Bd6 20.Nd2 Bc7 21.a5 Qe6  1/2-1/2

[Event "15th Croatian Open A"]
[Site "Zadar CRO"]
[Date "2008.12.18"]
[Round "7"]
[White "Gagarin,V"]
[Black "Rusev,K"]
[Result "0-1"]
[WhiteElo "2390"]
[BlackElo "2541"]

1.d4 d5 2.c4 c6 3.Nf3 Nf6 4.Nc3 e6 5.e3 Nbd7 6.Qc2 Bd6 7.Bd3 dxc4 8.Bxc4 b5
9.Be2 Bb7 10.O-O O-O 11.Rd1 Qb8 12.e4 e5 13.g3 Re8 14.Bg5 exd4 15.Nxd4 b4
16.Nf5 Bf8 17.Bf4 Ne5 18.Na4 c5 19.f3 Qc7 20.b3 g6 21.Nh6+ Kh8 22.Qb2 Kg7
23.Rac1 Rac8 24.Kf2 Bd6 25.Rd2 Bxe4 26.Rcd1 Nd3+ 27.Bxd3 Bxf4 28.Ng4 Re6
29.gxf4 Bxd3 30.Rxd3 Qxf4 31.Re1 Rxe1 32.Kxe1 c4 33.bxc4 Rxc4 34.Qxf6+ Qxf6
35.Nxf6 Kxf6 36.Nb2 Rh4 37.Rd2 a5 38.Kf1 Ke5 39.Kg2 Rd4 40.Rc2 Kd5 41.Kf2 f5
42.Ke3 Rh4 43.Nd3 Kd6 44.Nc5 Kd5 45.Na4 f4+ 46.Kd3 Rh3 47.Rc5+ Kd6 48.Rxa5 Rxf3+
49.Ke4 Rf2 50.Nc5 g5 51.Nd3 Rxh2 52.Ra6+ Ke7 53.Nxb4 Kf7 54.Nd5 Kg7 55.Kf3 Rd2
56.Nb4 h5 57.a4 g4+ 58.Ke4 g3 59.Rc6 g2 60.Rc1 h4 61.a5 h3 62.a6 h2 63.a7 h1=Q  0-1

[Event "TCh-ISR 2008-9"]
[Site "Israel ISR"]
[Date "2008.12.19"]
[Round "3"]
[White "Mittelman,G"]
[Black "Kundin,A"]
[Result "0-1"]
[WhiteElo "2418"]
[BlackElo "2368"]

1.d4 d5 2.c4 c6 3.Nc3 Nf6 4.e3 e6 5.Nf3 Nbd7 6.Qc2 Bd6 7.g4 Bb4 8.Bd2 O-O
9.g5 Bxc3 10.Bxc3 Ne4 11.Bd3 f5 12.gxf6 Qxf6 13.Be2 b6 14.cxd5 exd5 15.Rg1 Ba6
16.Bxa6 Qxf3 17.Rf1 Rae8 18.Qe2 Qh3 19.O-O-O Qxh2 20.Be1 b5 21.a4 Ng3 22.Qd3 Nxf1
23.Qxf1 Nb8 24.axb5 Nxa6 25.bxa6 Rxe3  0-1

[Event "XXI Carlos Torre"]
[Site "Merida MEX"]
[Date "2008.12.20"]
[Round "9"]
[White "Arencibia Rodriguez,W"]
[Black "Capo Vidal,U"]
[Result "1-0"]
[WhiteElo "2536"]
[BlackElo "2340"]

1.d4 d5 2.c4 e6 3.Nc3 c6 4.e3 Nf6 5.Nf3 Nbd7 6.Qc2 Bd6 7.b3 O-O 8.Be2 b6
9.O-O Bb7 10.Bb2 Qe7 11.e4 dxe4 12.Nxe4 Nxe4 13.Qxe4 h6 14.Rad1 Rfd8 15.Bd3 Nf6
16.Qh4 c5 17.d5 exd5 18.Rfe1 Ne4 19.Qg4 Qf8 20.Nh4 Bc8 21.Qh5 Be7 22.Nf5 Bxf5
23.Qxf5 g6 24.Qf3 Ng5 25.Qe2 dxc4 26.Bxc4 Rxd1 27.Rxd1 Nh7 28.Qe4 Bf6 29.Bxf6 Nxf6
30.Qxg6+ Qg7 31.Bxf7+ Kf8 32.Qxg7+ Kxg7 33.Bc4 a6 34.a4 Ne4 35.f3 Nc3 36.Rd7+ Kf8
37.Rh7 Rd8 38.Rh8+  1-0

[Event "8th Amplico AIG Life Rapid"]
[Site "Warsaw POL"]
[Date "2008.12.20"]
[Round "6"]
[White "Cyborowski,L"]
[Black "Czarnota,D"]
[Result "1-0"]
[WhiteElo "2504"]
[BlackElo "2208"]

1.d4 d5 2.Nf3 c6 3.c4 Nf6 4.Nc3 e6 5.e3 Nbd7 6.Qc2 Bd6 7.b3 O-O 8.Be2 Qe7
9.Bb2 b6 10.O-O Bb7 11.Bd3 Rac8 12.Rac1 h6 13.Qb1 Ba3 14.Bxa3 Qxa3 15.cxd5 Nxd5
16.Nxd5 cxd5 17.Bb5 Nf6 18.Bd3 Ba6 19.Bxa6 Qxa6 20.Qb2 Rxc1 21.Rxc1 Rc8 22.Rc2 Ne4
23.Ne5 Qb7 24.h4 h5 25.g3 g6 26.Qc1 Rxc2 27.Qxc2 Kg7 28.Kg2 Nd6 29.a4 a5
30.Qc3 Qc8 31.Qxc8 Nxc8 32.f3 Kf6 33.g4 hxg4 34.fxg4 Kg7 35.Nd7 f5 36.Kf3 Kf7
37.g5 Ke8 38.Ne5 Ne7 39.Kf4 Kd8 40.Kf3 Ke8 41.Kg3 Kd8 42.h5 gxh5 43.Kh4 Ke8
44.Kxh5 Nc8 45.Kg6 Nd6 46.Kh7 Ne4 47.g6 Nf6+ 48.Kh8  1-0

[Event "8th Amplico AIG Life Rapid"]
[Site "Warsaw POL"]
[Date "2008.12.20"]
[Round "7"]
[White "Portisch,L"]
[Black "Fridman,D2"]
[Result "0-1"]
[WhiteElo "2513"]
[BlackElo "2630"]

1.d4 d5 2.c4 e6 3.Nc3 c6 4.e3 Nf6 5.Nf3 a6 6.b3 Bb4 7.Bd2 Nbd7 8.Qc2 Qe7
9.Bd3 dxc4 10.bxc4 e5 11.Nxe5 Nxe5 12.dxe5 Ng4 13.Rb1 Nxe5 14.Be2 Be6 15.Qe4 Bd6
16.c5 Bc7 17.Rxb7 f5 18.Qc2 Bc8 19.Rb2 Qxc5 20.Nb5 Qe7 21.Nxc7+ Qxc7 22.Qc5 Be6
23.Ba5 Nd7 24.Qc3 Qe5 25.Qxe5 Nxe5 26.Bc3 Nd7 27.Bxg7 Rg8 28.Bd4 Rxg2 29.Bf3 Rg8
30.Bxc6 Rc8 31.Bf3 Rc1+ 32.Kd2 Rxh1 33.Bxh1 Rg1 34.Bb7 a5 35.Bc6 Ke7 36.a4 Kd6
37.Bf3 Rf1 38.Kc3 Ra1 39.Rd2 Rxa4 40.Bd1 Rc4+ 41.Kb2 Ke7 42.Bc3 a4 43.Rc2 Rh4
44.Ka3 Nb6 45.Bd4 Nc4+ 46.Kxa4 Rxh2 47.Kb4 Rh1 48.Bf3 Rb1+ 49.Kc5 Na3 50.Rb2 Rc1+
51.Kb4 Nc2+ 52.Kb5 Nxd4+ 53.exd4 Kd6 54.d5 Bf7 55.Ra2 Rc3 56.Bg2 h5 57.Ra6+ Ke5
58.Rh6 Rc2 59.d6 Be8+ 60.Kb6 h4 61.Rxh4 Kxd6 62.Rf4 Rb2+ 63.Ka5 Bd7 64.Bh3 Kc7
65.Rc4+ Kd6 66.Rd4+ Kc5  0-1

[Event "8th Amplico AIG Life Rapid"]
[Site "Warsaw POL"]
[Date "2008.12.20"]
[Round "8"]
[White "Akesson,R"]
[Black "Gustafsson,J"]
[Result "0-1"]
[WhiteElo "2484"]
[BlackElo "2634"]

1.Nf3 d5 2.d4 Nf6 3.c4 e6 4.Nc3 c6 5.e3 Nbd7 6.Qc2 Bd6 7.Be2 O-O 8.b3 b6
9.O-O Bb7 10.Bb2 Qe7 11.Rad1 Rad8 12.Rfe1 Rfe8 13.Bd3 e5 14.cxd5 cxd5 15.dxe5 Nxe5
16.Nd4 Nxd3 17.Qxd3 Ne4 18.Nxe4 dxe4 19.Qb5 a6 20.Qh5 g6 21.Qh6 Be5 22.Nf5 Qf6
23.Bxe5 Qxe5 24.Rxd8 Rxd8 25.Nd4 Rc8 26.Rd1 a5 27.Qh3 Ba6 28.Qd7 Qc7 29.Qxc7 Rxc7
30.h4 Bd3 31.Kh2 Kg7 32.Kg3 Kf6 33.Kf4 Rc5 34.f3 Rh5 35.fxe4 Ba6 36.Nf3 Ke7
37.Rc1 Rc5 38.Rxc5 bxc5 39.Ke5 Bb7 40.Nd2 f6+ 41.Kf4 h6 42.Nc4 g5+ 43.hxg5 hxg5+
44.Kf5 Bc8+ 45.Kg6 Bb7 46.e5 Be4+ 47.Kg7 fxe5 48.g3 a4 49.bxa4 Bd5 50.Nxe5 Ke6
51.Nd3 c4 52.Nb4 Be4 53.g4 c3 54.a5 Kd6 55.Kf6 Kc5 56.a3 Kc4 57.Kxg5 Kb3
58.Kf4 Kxa3 59.Nc2+ Bxc2 60.a6 Ba4 61.a7 Bc6  0-1